Entry Nombre personal
001 - NÚMERO DE CONTROL
- campo de control: 242243
003 - IDENTIFICADOR DE NÚMERO DE CONTROL
- campo de control: SpMaBN
005 - FECHA Y HORA DE LA ÚLTIMA TRANSACCIÓN
- campo de control: 20250910203825.0
008 - ELEMENTOS DE DATO DE LONGITUD-FIJA
- campo de control de longitud fija: 950324n| aijnnaabn a aaa ||
016 ## - NÚMERO DE CONTROL DE UNA AGENCIA BIBLIOGRÁFICA NACIONAL
- Número de control del registro: BNE19950289896
024 7# - IDENTIFICADOR DE OTROS ESTÁNDARES
- Número estándar o código: http://viaf.org/viaf/86824429/
- Fuente: viaf
024 7# - IDENTIFICADOR DE OTROS ESTÁNDARES
- Número estándar o código: https://isni.org/isni/0000000059691273
- Fuente: isni
040 ## - FUENTE DE CATALOGACIÓN
- Centro catalogador/agencia de origen: SpMaBN
- Lengua de catalogación: spa
- Centro/agencia transcriptor: SpMaBN
- Normas de descripción: rdc
- Convención/Normas de encabezamiento de materia/tesauro: embne
046 ## - FECHAS CON CODIFICACIÓN ESPECIAL
- Fecha de nacimiento: 1968
100 1# - ENCABEZAMIENTO-NOMBRE DE PERSONA
- Nombre de persona: Barcia Magaz, J.,
- Fechas asociadas al nombre: 1968-
370 ## - LUGAR ASOCIADO
- Lugar de nacimiento: Vigo, Pontevedra, España
- Fuente del término: embne
- Fuente del término: embne
374 ## - OCUPACIÓN
- Ocupación: Periodistas
- Fuente del término: embne
375 ## - GÉNERO/SEXO
- Género: Masculino
377 ## - IDIOMA ASOCIADO
- Término de lengua/lenguaje: Español
400 1# - TRAZADO DE VÉASE--NOMBRE DE PERSONA
- Nombre de persona: Barcia, José Vicente
- Fechas asociadas al nombre: 1968-
400 1# - TRAZADO DE VÉASE--NOMBRE DE PERSONA
- Nombre de persona: Barcia Magaz, J. V.
- Fechas asociadas al nombre: 1968-
400 1# - TRAZADO DE VÉASE--NOMBRE DE PERSONA
- Nombre de persona: Barcia Magaz, José Vicente
- Fechas asociadas al nombre: 1968-
670 ## - FUENTE DE DATOS ENCONTRADOS
- Cita de la fuente: Relatos para un preso insumiso, 1994
- Información encontrada: port. (J. Barcia Magaz) p. 4 de la cub. (J.V. Barcia Magaz; n. 1968, Vigo)
670 ## - FUENTE DE DATOS ENCONTRADOS
- Cita de la fuente: La herradura, 2011
- Información encontrada: port. (José Vicente Barcia) solapa (José Vicente Barcia Magaz; n. 1968, Vigo; periodista)
670 ## - FUENTE DE DATOS ENCONTRADOS
- Cita de la fuente: WWW Agencia Española ISBN, 14-7-2003
- Información encontrada: (Barcia Magaz, Jose Vicente)
